LEADER 01192nam0 22002411i 450 001 UON00106924 005 20231205102619.695 100 $a20020107d1994 |0itac50 ba 101 $aita 102 $aIT 105 $a|||| ||||| 200 1 $aˆL'‰Ultima Pietra, il Primo Metallo$esentieri della preistoria$eGuida alla mostra$eMuseo nazionale dell'Agro Picentino Pontecagnano (Sa), 11 dicembre 1993-30 aprile 1994$ftesti di Gianni Bailo Modesti ... [et al.] 205 $a[Pontecagnano : Museo Nazionale dell'Agro Picentino$b1994] 210 $a73 p.$cill. ; 30 cm 215 $aIn testa al front.: Soprintendenza Archeologica per le Province di Salerno-Avellino-Benevento; Comune di Pontecagnano-Faiano$dIstituto Universitario Orientale 620 $dPontecagnano$3UONL002647 702 1$aBAILO MODESTI$bGianni$3UONV056056 801 $aIT$bSOL$c20240220$gRICA 899 $aSIBA - SISTEMA BIBLIOTECARIO DI ATENEO$2UONSI 912 $aUON00106924 950 $aSIBA - SISTEMA BIBLIOTECARIO DI ATENEO$dSI O 1 177 $eSI MC 24137 7 996 $aUltima pietra, il primo metallo$9961592 997 $aUNIOR